000 00448nam a2200181Ia 4500
008 090630s9999 xx 000 0 und d
082 _b203
100 _a
245 _aमहात्मा गांधी.
_c
260 _b---
300 _a158
600 _a
630 _aमहात्मा गांधी.
655 _aइतर.
700 _a
730 _aमहात्मा गांधी.
942 _cBOOK
999 _c252059
_d252059